Szczegóły MARC21

Įmonių teisinių formų konvergencija ir divergencija : ar Lietuvos teisinis reglamentavimas yra patrauklus tarptautiniame kontekste? : mokslo studija = The convergence and divergence of legal forms of enerprises : is Lithuanian legal regulation attractive in international context? : scientific study /

003 -Nazwa inst., której nr kontr. jest w polu 001 [,]
    • @
    • Nazwa instytucji, której n kontrolny jest w polu 001
    • NUKAT
005 -DATA I CZAS OSTATNIEJ MODYFIKACJI [,]
    • @
    • pole kontrolne
    • 20251215084233.0
020 -Międzynarod. znormalizowany nr książki - ISBN [ , ]
    • a
    • Numer ISBN
    • 9786094598869 Find
    • q
    • Dopowiedzenie
    • (oprawa twarda ;
    • q
    • Dopowiedzenie
    • spausdintinis)
020 -Międzynarod. znormalizowany nr książki - ISBN [ , ]
    • a
    • Numer ISBN
    • 9786094598852 Find
    • q
    • Dopowiedzenie
    • (internete)
040 -Instytucja sporządzająca opis [ , ]
    • a
    • Instytucja, która sporządziła opis (NP)
    • SZCZ U/AB
    • b
    • Język katalogowania
    • pol
    • e
    • Zasady katalogowania
    • rda
    • c
    • Instytucja, która sporządziła rekord (NP)
    • SZCZ U/AB
041 -Język dokumentu [1, ]
    • a
    • Język tekstu (P)
    • litewski
    • a
    • Język tekstu (P)
    • angielski
    • h
    • Język tekstu oryginalnego i/lub pośredniego (P)
    • litewski
942 -Rodzaj dokumentu [ , ]
    • c
    • Rodzaj dokumentu
    • Książka
245 -Strefa tytułu i oznaczenia odpowiedzialności [0,0]
    • a
    • Tytuł
    • Įmonių teisinių formų konvergencija ir divergencija : Find
    • b
    • Ciąg dalszy tytułu (NP)
    • ar Lietuvos teisinis reglamentavimas yra patrauklus tarptautiniame kontekste? : mokslo studija = The convergence and divergence of legal forms of enerprises : is Lithuanian legal regulation attractive in international context? : scientific study / Find
    • c
    • Pozostałe elementy strefy tytułu i oznaczenia odpowiedzialności (NP)
    • Lina Mikalonienė, Valentinsas Mikelėnas, Paulius Miliauskas, Vilius Mitkevičius, Agne Tikniūtė.
246 -Wariant tytułu [3,1]
    • a
    • Tytuł (NP)
    • Convergence and divergence of legal forms of enerprises :
    • b
    • Ciąg dalszy tytułu (NP)
    • is Lithuanian legal regulation attractive in international context? : scientific study
260 -Strefa adresu wydawniczego [ , ]
    • a
    • Miejsce wydania (P)
    • Vilnius :
    • b
    • Nazwa wydawcy (P)
    • Vilniaus Universiteto Leidykla,
    • c
    • Data wydania (P)
    • 2017.
300 -Strefa opisu fizycznego [ , ]
    • a
    • Określenie formy książki i/lub objętość (NP)
    • 461, [3] strony :
    • b
    • Oznaczenie ilustracji (NP)
    • ilustracje ;
    • c
    • Format (NP)
    • 25 cm.
336 -Typ zawartości [ , ]
    • a
    • Termin opisujący typ zawartości
    • Tekst
    • b
    • Kod określający zawartość
    • txt
    • 2
    • Źródło (terminu i kodu)
    • rdacontent
337 -Typ mediów [ , ]
    • a
    • Tryb odtwarzania
    • Bez urządzenia pośredniczącego
    • b
    • Kod typu mediów
    • n
    • 2
    • Źródło (terminu i kodu)
    • rdamedia
338 -Typ/rodzaj nośnika [ , ]
    • a
    • Hasło opisujące typ nośnika
    • Wolumin
    • b
    • Kod typu nośnika
    • nc
    • 2
    • Źródło (terminu i kodu)
    • rdacarrier
504 -Uwaga dot. bibliogr. załącznikowej [ , ]
    • a
    • Uwaga dot. bibliografii załącznikowej
    • Bibliografia na stronach 437-461.
546 -Uwaga dot. języka [ , ]
    • a
    • Uwaga dot. języka
    • Tekst dwujęzyczny, oryginalny w języku litewskim tłumaczony na język angielski.
650 -Hasło przedmiotowe [ ,7]
    • a
    • Hasło przedmiotowe
    • Spółki
    • x
    • Określnik rzeczowy
    • prawo
    • z
    • Określnik geograficzny
    • Litwa.
    • 2
    • Źródło terminu
    • kaba
    • 9
    • KHW
    • 736332
700 -Hasło dodatkowe - nazwa osobowa [1, ]
    • a
    • Nazwa osobowa (NP)
    • Mikalonienė, Lina. Find
    • e
    • Określenie rodzaju współpracy
    • Redakcja
    • 9
    • KHW
    • 736274
700 -Hasło dodatkowe - nazwa osobowa [1, ]
    • a
    • Nazwa osobowa (NP)
    • Mikelėnas, Valentinas. Find
    • e
    • Określenie rodzaju współpracy
    • Redakcja
    • 9
    • KHW
    • 736266
700 -Hasło dodatkowe - nazwa osobowa [1, ]
    • a
    • Nazwa osobowa (NP)
    • Miliauskas, Paulius Find
    • d
    • Daty biograficzne (NP)
    • (1985- ).
    • e
    • Określenie rodzaju współpracy
    • Redakcja
    • 9
    • KHW
    • 736293
700 -Hasło dodatkowe - nazwa osobowa [1, ]
    • a
    • Nazwa osobowa (NP)
    • Mitkevičius, Vilius Find
    • d
    • Daty biograficzne (NP)
    • (1988- ).
    • e
    • Określenie rodzaju współpracy
    • Redakcja
    • 9
    • KHW
    • 736294
700 -Hasło dodatkowe - nazwa osobowa [1, ]
    • a
    • Nazwa osobowa (NP)
    • Tikniūtė, Agnė Find
    • d
    • Daty biograficzne (NP)
    • (1973- ).
    • e
    • Określenie rodzaju współpracy
    • Redakcja
    • 9
    • KHW
    • 736295
710 -Hasło dodatkowe - nazwa ciała zbiorowego [2, ]
    • a
    • Nazwa ciała zbiorowego lub nazwa geograficzna jako pierwszy element (NP)
    • Vilniaus universitetas (1990- ).
    • b
    • Nazwa jednostki podrzędnej (P)
    • Leidykla.
    • e
    • Rodzaj współpracy
    • Wydawca
    • 4
    • Kod relacji
    • pbl
    • 9
    • KHW
    • 658470
920 -ISBN [ , ]
    • a
    • ISBN
    • 978-609-459-886-9 (oprawa twarda ; spausdintinis) Find
920 -ISBN [ , ]
    • a
    • ISBN
    • 978-609-459-885-2 (internete) Find
Data inwentaryzacji Lokalizacja Status udost. Numer inwentarzowy Sygnatura
2025-09-04BSA1SA.26965SA.26965/DW